Twenty One Pilots - No Chances (Lyrics) - Statistics

General Stats
  • This quiz has been taken 12 times
  • The average score is 259 of 336
Answer Stats
Answer % Correct
chances
100%
for
100%
no
100%
the
100%
We
100%
we
100%
you
100%
a
90%
bodies
90%
come
90%
da
90%
day
90%
every
90%
get
90%
home
90%
house
90%
in
90%
my
90%
on
90%
people
90%
piece
90%
they
90%
want
90%
way
90%
when
90%
and
80%
ba
80%
got
80%
now
80%
one
80%
to
80%
away
70%
blow
70%
door
70%
feet
70%
grip
70%
how'd
70%
information
70%
location
70%
notorious
70%
octagon
70%
planted
70%
put
70%
say
70%
some
70%
tape
70%
this
70%
back
60%
bum
60%
feng
60%
flamethrower
60%
foot
60%
grind
60%
loose
60%
mm
60%
of
60%
or
60%
pieces
60%
race
60%
see
60%
sell
60%
shui
60%
son
60%
spent
60%
straight
60%
together
60%
weekends
60%
with
60%
agreement
50%
arrive
50%
die
50%
outside
50%
ride
50%
shoulders
50%
switchblade
50%
terms
50%
those
50%
tongue
50%
yeah
50%
good
40%
shoes
40%
base
30%
dum
20%
squared
20%
surveillances
20%
No matching quizzes found
Score Distribution
Percent of People with Each Score
Percentile by Number Answered
Your Score History
You have not taken this quiz